Economic: Models and theories (Record no. 395967)
[ view plain ]
| 000 -LEADER | |
|---|---|
| fixed length control field | 00467 a2200181 4500 |
| 005 - DATE & TIME | |
| control field | 20260402142905.0 |
| 008 - FIXED-LENGTH DATA ELEMENTS--GENERAL INFORMATION | |
| fixed length control field | 260402b |||||||| |||| 00| 0 eng d |
| 020 ## - ISBN | |
| International Standard Book Number | 9789392798399 |
| Price | Rs. 1895.00 |
| 040 ## - CATALOGING SOURCE | |
| Original cataloging agency | VIVEKANANDA LIBRARY |
| 082 ## - DDC NUMBER | |
| Classification number | 330.01 |
| Book Number | S17E |
| 100 ## - MAIN ENTRY--PERSONAL NAME | |
| Personal name | Sahoo, Damodar |
| 245 ## - TITLE STATEMENT | |
| Title | Economic: Models and theories |
| 260 ## - PUBLICATION, DISTRIBUTION, ETC. (IMPRINT) | |
| Name of publisher, distributor, etc | SSDN Publishers |
| Date of publication, distribution, etc | 2025 |
| Place of publication, distribution, etc | New Delhi |
| 300 ## - PHYSICAL DESCRIPTION | |
| Pages | viii, 264 |
| 650 ## - Subject | |
| Subject | Economics |
| 650 ## - Subject | |
| Subject | Theory of Economics |
| 942 ## - ADDED ENTRY ELEMENTS (KOHA) | |
| Koha item type | Books |
| Withdrawn status | Lost status | Source of classification or shelving scheme | Damaged status | Not for loan | Location (home branch) | Sublocation or collection (holding branch) | Shelving location | Date acquired | Koha issues (times borrowed) | Koha full call number | Accession No. | Koha date last seen | Koha item type |
|---|---|---|---|---|---|---|---|---|---|---|---|---|---|
| Dewey Decimal Classification | VIVEKANANDA LIBRARY | VIVEKANANDA LIBRARY | Vivekananda Library | 02/02/2026 | 330.01 S17E | 437990 | 02/02/2026 | Books | |||||
| Dewey Decimal Classification | VIVEKANANDA LIBRARY | VIVEKANANDA LIBRARY | Vivekananda Library | 02/02/2026 | 330.01 S17E | 437989 | 02/02/2026 | Books |
